العشق الالهى / (Record no. 27233)
[ view plain ]
| 000 -الفاتح | |
|---|---|
| حقل البيانات ثابتة الطول | 00527nam a2200205Ia 4500 |
| 008 - عناصر البيانات ثابتة الطول - معلومات عامة | |
| حقل البيانات ثابتة الطول | 140319s9999 xx 000 0 ara d |
| 040 ## - مصدر الفهرسة | |
| وكالة الفهرسة الأصلية | GCL / |
| وكالة النسخ | GCL |
| 082 04 - رقم تصنيف ديوى العشرى | |
| رقم التصنيف | د |
| رقم المادة | 050 |
| 100 1# - المدخل الرئيسى - إسم شخصى | |
| الإسم الشخصى | طاهر ابوفاشا |
| 245 10 - بيان العنوان | |
| العنوان | العشق الالهى / |
| بيان المسئوليه,etc | طاهر ابوفاشا |
| 300 ## - الوصف المادى | |
| التعداد | 157 ص |
| 490 ## - بيان السلسلة | |
| عنوان السلسلة | وثائق ونصوص |
| رقم المجلد/ التعيين التسلسلي | 0 |
| 650 04 - المدخل الاضافى بالموضوع-مصطلح موضوعى | |
| مصطلح موضوعي | الاسلام |
| 650 04 - المدخل الاضافى بالموضوع-مصطلح موضوعى | |
| مصطلح موضوعي | الوحدانية |
| 650 04 - المدخل الاضافى بالموضوع-مصطلح موضوعى | |
| مصطلح موضوعي | الله |
| 650 04 - المدخل الاضافى بالموضوع-مصطلح موضوعى | |
| مصطلح موضوعي | التوحيد |
| 650 04 - المدخل الاضافى بالموضوع-مصطلح موضوعى | |
| مصطلح موضوعي | الالوهية |
| 942 ## - عناصر المدخل الإضافي( كوها) | |
| مصدر التصنيف او مخطط الترفيف | Dewey Decimal Classification |
| Koha [default] item type | ملف كمبيوتر |
| حالة التراجع | حالة الفقد | حالة تلف | ليس للاعارة | المكان المؤقت | الموقع الحالى | تاريخ الاكتساب | اجمالي اﻻعارات | رقم الطلب | الباركود | تاريخ اخر مشاهدة | تاريخ تفعيل السعر | نوع وعاء كوها |
|---|---|---|---|---|---|---|---|---|---|---|---|---|
| مكتبة القاهرة الكبرى | مكتبة القاهرة الكبرى | 03/26/2014 | د\050 | 60711 | 03/26/2014 | 03/26/2014 | ملف كمبيوتر | |||||
| مكتبة القاهرة الكبرى | مكتبة القاهرة الكبرى | 03/26/2014 | د\050 | 60712 | 03/26/2014 | 03/26/2014 | ملف كمبيوتر | |||||
| مكتبة القاهرة الكبرى | مكتبة القاهرة الكبرى | 03/26/2014 | د\050 | 60713 | 03/26/2014 | 03/26/2014 | ملف كمبيوتر | |||||
| مكتبة القاهرة الكبرى | مكتبة القاهرة الكبرى | 03/26/2014 | د\050 | 60714 | 03/26/2014 | 03/26/2014 | ملف كمبيوتر | |||||
| مكتبة القاهرة الكبرى | مكتبة القاهرة الكبرى | 03/26/2014 | د\050 | 60715 | 03/26/2014 | 03/26/2014 | ملف كمبيوتر | |||||
| مكتبة القاهرة الكبرى | مكتبة القاهرة الكبرى | 03/26/2014 | د\050 | 60716 | 03/26/2014 | 03/26/2014 | ملف كمبيوتر | |||||
| مكتبة القاهرة الكبرى | مكتبة القاهرة الكبرى | 03/26/2014 | د\050 | 60717 | 03/26/2014 | 03/26/2014 | ملف كمبيوتر | |||||
| مكتبة القاهرة الكبرى | مكتبة القاهرة الكبرى | 03/26/2014 | د\050 | 60718 | 03/26/2014 | 03/26/2014 | ملف كمبيوتر |

